00429nam a2200157Ia 45000010006000000050017000060080041000230410008000640820016000721000034000882450096001222600009002183000028002276500008002556540008002631954620260306172701.0260306t2011||||xx |||||||||||||| ||spa|| aESP a340.4bC261 aCoaguila Valdivia, JaimeeAUT 0aEl otro corazón del derecho:b20 ensayos literario-jurídicos sobre teoría del derecho c2011 a127 páginas :c21 cm. aGEN aCDE